000 00300nam a22001337a 4500
008 180117b xxu||||| |||| 00| 0 eng d
020 _a9781308498287
041 _aeng
080 _a37
100 _a46
101 _aEDU
245 _aMORAINE PARK TECHNICAL COLLEGE
_cJOHN.W.S
942 _2udc
_cBK
999 _c40391
_d40391